000 00871nam a2200265Ia 4500
003 OSt
005 20220926020258.0
006 a|||||r|||| 00| 0
007 ta
008 220923b |||||||| |||| 00| 0 eng d
020 _a9780415893718
_c2992.0700000000002
037 _b149/2011-12, 07/03/2012, CLASSIC BOOKS SERVICES
_cGeneral Book
040 _aRTL
_cRTL
_beng
041 _2eng
_aeng
082 _aX:9-8.1, Q2
100 _aHayton James C
_9324021
245 0 _aGlobal human resource management casebook
260 _aNew York
_bRoutledge
_c2012
300 _axxv,406p
_ccm.
490 _aRoutledge Global Human Resource Management Series
500 _aBibliography chapterwise
650 _aCommerce
942 _hX:9-8.1, Q2
_cGB
_2CC
999 _c633831
_d633831